| 000 | 00668nac a22001811u 4500 | ||
|---|---|---|---|
| 020 | _a8127205729 | ||
| 082 |
_a658.1511 _bS5313 |
||
| 090 |
_c1102 _d1102 |
||
| 100 | _aSharma, R. k. | ||
| 245 |
_aPractical problems in advanced management accounting / _cR. k. Sharma, Shashi Gupta. |
||
| 250 | _a1st ed. | ||
| 260 |
_aNew Delhi : _bKalyani publishers, _c2002. |
||
| 300 |
_a1 v. (various pagings) : _bDiagram, _c24 cm. |
||
| 650 | _aManagerial accounting. | ||
| 700 | _aGupta, Shashi | ||
| 942 |
_cBB _k658.1511S5313 |
||
| 999 |
_c1102 _d1102 |
||